Delos: monuments and museum
Uloženo v:
| Hlavní autor: | |
|---|---|
| Médium: | Kniha |
| Jazyk: | angličtina |
| Vydáno: |
Atenas
Krene
1993
|
| Témata: | |
| Tagy: |
Přidat tag
Žádné tagy, Buďte první, kdo vytvoří štítek k tomuto záznamu!
|
MARC
| LEADER | 00000nam a2200000 a 4500 | ||
|---|---|---|---|
| 001 | UCI0957 | ||
| 003 | CL-VaPUC | ||
| 008 | 070608e19930000GR |||||||||||||||||eng|d | ||
| 082 | 0 | 4 | |a 949.5801 |b ZAP |2 21 |
| 100 | 0 | |a Zaphiropoulou, Photini |e author |9 521209 | |
| 245 | 1 | 0 | |a Delos: monuments and museum |
| 300 | |a 96 p | ||
| 942 | |c BK | ||
| 945 | |d 20070608 00:00:00 |a jtorresc | ||
| 260 | |a Atenas |b Krene |c 1993 | ||
| 650 | 0 | |a Arte griego |9 267884 | |
| 650 | 7 | |a EXCAVACIONES ARQUEOLOGICAS |2 CL-VaPUC |9 310948 | |
| 650 | 7 | |a ISLA DELOS |2 CL-VaPUC |9 521210 | |
| 650 | 0 | |a Antigüedades |9 266390 | |
| 651 | 0 | |a Grecia |9 265314 | |
| 583 | |a last modification |c 20070608 00:00:00 |k Rodrigo Vera | ||
| 999 | |c 325908 |d 325906 | ||
| 952 | |0 0 |1 0 |4 0 |6 949_580100000000000_ZAP_1993 |7 0 |8 A |9 407399 |a BIBARQ |b BIBARQ |d 2019-11-22 |i 4279867 |o 949.5801 ZAP 1993 |p 4279867 |r 2019-11-22 |w 2019-11-22 |y BK |k ARQ | ||